Statistiken für Startnummern der F1-Fahrer 2023

Klicken Sie hier um das Quiz zu spielen!

Allgemein

  • Dieses Quiz wurde 166 mal gespielt
  • Das Durchschnittsergebnis liegt bei 12 aus 20

Antwortstatistiken

TeamFahrerNummer% Korrekt
Red BullMax Verstappen1
99%
MercedesLewis Hamilton44
91%
McLarenLando Norris4
83%
FerrariCharles Leclerc16
82%
Red BullSergio Perez11
79%
Alfa RomeoValtteri Bottas77
78%
FerrariCarlos Sainz55
76%
MercedesGeorge Russell63
74%
AlpinePierre Gasly10
65%
Aston MartinFernando Alonso14
59%
McLarenOscar Piastri81
57%
AlpineEsteban Ocon31
53%
Aston MartinLance Stroll18
50%
WilliamsLogan Sargeant2
49%
AlphaTauriYuki Tsunoda22
46%
HaasKevin Magnussen20
44%
HaasNico Hülkenberg27
44%
Alfa RomeoGuanyu Zhou24
40%
WilliamsAlexander Albon23
39%
AlphaTauriNyck de Vries21
31%

Verteilung der Resultate

Perzentil nach korrekt beantworteten Fragen

Anzahl Personen mit jedem Resultat

Ihre Resultats-Entwicklung

Sie haben dieses Quiz noch nicht gespielt